000 01368ngm a22003370a 4500
001 PT25633
003 AR-LpoUNG
005 20210202000355.0
007 vd cvaizq
008 191001s2006||||ag |||||||||||||||||spa d
037 _c$16
040 _aAR-LpoUNG
_bspa
_cAR-LpoUNG
_eaacr
041 _aspa
082 0 _a305.3 675tor
100 1 _aNieri, Susana
245 1 3 _aEl toro por las astas
260 _as.l.
_bs.e.
_c2006.
300 _aDVD (90 min.) : son., col.
520 _aMotivada por una inesperada noticia familiar, el embarazo de Andrea su sobrina adolescente, la directora comienza una búsqueda sobre los porque del embarazo no planificado y la procreación responsable. Tres años después, esta búsqueda se transforma en un viaje a través de diez provincias argentinas, al encuentro con mujeres y hombres que ponen de manifiesto una trágica realidad. Un viaje que guía a la directora hacia el emotivo encuentro con su sobrina. Esta película es la primera de una serie que pretende realizar un revisionismo sobre la situación actual de la mujer.
650 4 _aARGENTINA
650 4 _aDERECHOS DE LA MUJER
650 4 _aMUJERES
650 4 _aPARTICIPACION DE LA MUJER
650 4 _aROL DE LA MUJER
651 4 _aArgentina
653 _aCINE ARGENTINO
653 _aDVD
653 _aVIDEOS
905 _a25633
942 _cDVD
999 _c54740
_d54740